000 00297nam a22001337a 4500
008 171002b xxu||||| |||| 00| 0 eng d
020 _a9780880484428
041 _aeng
080 _a159.9
100 _a48
101 _aPSI
245 _aREVIEW OF PSYCHIATRY
_cDICKSTEIN, L.J
942 _2udc
_cBK
999 _c31248
_d31248